| 000 | 00625nam a2200181 a 4500 | ||
|---|---|---|---|
| 001 | 913 | ||
| 003 | CDMR | ||
| 005 | 20131125163414.0 | ||
| 008 | 130130s1986||||||||||||||||||||||||||||d | ||
| 040 |
_aCDMR _bcat _cCDMR |
||
| 100 | 1 |
_aCarrillo, Marc _9335 |
|
| 245 | 1 | 3 |
_aEl derecho de rectificación en la Constitución española _b: comentario a la Ley orgánica 2/1984, de 26 de marzo _cMarc Carrillo |
| 260 |
_c1986 _bRevista Jurídica de Catalunya _aBarcelona |
||
| 300 | _a[22] p. | ||
| 500 | _aPublicat a la Revista Jurídica de Catalunya, núm. 3, 1986 | ||
| 710 | 2 |
_94384 _aRevista Jurídica de Catalunya |
|
| 942 |
_cFULLET _2udc |
||
| 999 |
_c913 _d913 |
||